[Event "UZB-ch"]
[Site "Tashkent"]
[Date "2013.05.08"]
[Round "2"]
[White "Kholmirzaev, Bakhodir"]
[Black "Khoroshev, Nikita"]
[Result "1-0"]
[WhiteElo "2303"]
[BlackElo "2341"]
[PlyCount "111"]
[EventDate "2013.05.07"]
[EventType "tourn"]
[EventRounds "13"]
[EventCountry "UZB"]
[SourceTitle "EXT 2015"]
[Source "ChessBase"]
[SourceDate "2014.11.20"]
[SourceVersion "1"]
[SourceVersionDate "2014.11.20"]
[SourceQuality "1"]

1. Nf3 Nf6 2. c4 b6 3. b3 Bb7 4. Bb2 g6 5. Nc3 Bg7 6. d4 0-0 7. Qc2 d5 8. cxd5 Nxd5 9. Nxd5 Qxd5 10. e3 c5 11. dxc5 Bxb2 12. Qxb2 Qxc5 13. Be2 Qb4+ 14. Kf1 Nd7 15. h4 h5 16. a3 Qe4 17. Rd1 Nf6 18. Rd4 Qc6 19. Rc4 Qd6 20. Rd4 Qe6 21. Bc4 Qc6 22. Ke2 b5 23. Bd3 e5 24. Nxe5 Qxg2 25. Rf1 Rae8 26. Rd6 Ng4 27. Nxg4 Qxg4+ 28. Kd2 Rd8 29. Rd4 Qg2 30. Bxb5 Qh2 31. Kc1 Rxd4 32. Qxd4 Qc7+ 33. Bc4 Qe7 34. Rg1 Kh7 35. Kb2 Rd8 36. Qf4 Rd2+ 37. Kc3 Rd7 38. b4 a5 39. Rg5 axb4+ 40. axb4 f5 41. Rg1 Qg7+ 42. Kb3 Rd2 43. Ka4 Bc6+ 44. b5 Qa7+ 45. Kb3 Qg7 46. Ka4 Be4 47. b6 Bc6+ 48. Kb4 Rb2+ 49. Kc5 Bd7 50. Qd6 Be8 51. Qc7 Bd7 52. Rd1 Qf8+ 53. Rd6 Rd2 54. Qxd7+ Kh6 55. b7 Rb2 56. Qf7 1-0

[Event "Agzamov Memorial 07th"]
[Site "Tashkent"]
[Date "2013.04.21"]
[Round "8"]
[White "Kholmirzaev, Bakhodir"]
[Black "Alikulov, Elbek"]
[Result "1/2-1/2"]
[WhiteElo "2348"]
[BlackElo "2144"]
[PlyCount "102"]
[EventDate "2013.04.14"]
[EventType "swiss"]
[EventRounds "9"]
[EventCountry "UZB"]
[SourceTitle "CBM 154 Extra"]
[Source "ChessBase"]
[SourceDate "2013.06.25"]
[SourceVersion "2"]
[SourceVersionDate "2013.06.25"]
[SourceQuality "1"]

1. d4 Nf6 2. Nf3 g6 3. Bg5 Bg7 4. Nbd2 0-0 5. c3 d6 6. e3 Nbd7 7. Bd3 h6 8. Bxf6 Nxf6 9. Ne4 e5 10. Nxf6+ Qxf6 11. dxe5 dxe5 12. Qa4 c6 13. Be2 a5 14. Rd1 Re8 15. 0-0 Bf5 16. e4 Be6 17. Qc2 a4 18. b4 axb3 19. axb3 Ra3 20. Rb1 Rea8 21. Ne1 Qh4 22. g3 Qd8 23. Nd3 Qb6 24. Nc1 Bf8 25. Kg2 Ra1 26. h4 h5 27. c4 Rxb1 28. Qxb1 Bc5 29. Qc2 Ra3 30. Qb2 f6 31. f4 Ra8 32. f5 gxf5 33. Bxh5 Be3 34. exf5 Bxc4 35. Be2 Bd5+ 36. Kh3 Qd4 37. Qc2 Qd2 38. Qxd2 Bxd2 39. Nd3 Ra2 40. Bd1 Be4 41. Nc5 Bd5 42. Bf3 Bb4 43. Ne4 Kg7 44. g4 Rb2 45. g5 Bxe4 46. Bxe4 Rxb3+ 47. Kg4 Re3 48. Bc2 Be1 49. Rg1 e4 50. Kf4 Rc3 51. Bxe4 Bxh4 1/2-1/2

[Event "Tashkent Hokim Cup 4th"]
[Site "Tashkent"]
[Date "2012.08.04"]
[Round "7"]
[White "Kholmirzaev, Bakhodir"]
[Black "Kasyan, Aleksandr"]
[Result "1/2-1/2"]
[WhiteElo "2340"]
[BlackElo "2339"]
[PlyCount "86"]
[EventDate "2012.07.29"]
[EventType "swiss"]
[EventRounds "9"]
[EventCountry "UZB"]
[SourceTitle "EXT 2024"]
[Source "ChessBase"]
[SourceDate "2023.10.10"]
[SourceVersion "1"]
[SourceVersionDate "2023.10.10"]
[SourceQuality "1"]

1. d4 d5 2. Bg5 f6 3. Bh4 Nh6 4. e3 Nf5 5. Bg3 h5 6. Be2 h4 7. Bh5+ Kd7 8. Bg6 e6 9. Bf4 Ne7 10. Qg4 Kc6 11. Bf7 e5 12. Qf3 exf4 13. c4 a6 14. c5 fxe3 15. fxe3 Bf5 16. Nc3 Kd7 17. Nxd5 Be6 18. Bxe6+ Kxe6 19. Nf4+ Kf7 20. Qxb7 Nbc6 21. Qb3+ Ke8 22. Nf3 g5 23. Ne6 Qb8 24. Qc3 h3 25. gxh3 Rxh3 26. 0-0 Bh6 27. Rae1 g4 28. Nd2 Nd5 29. Qd3 Nce7 30. Nc4 Kd7 31. c6+ Kxc6 32. Qc2 Kd7 33. Nc5+ Ke8 34. Qe4 c6 35. Rf2 Rxh2 36. Rg2 Rxg2+ 37. Kxg2 Kf7 38. Qe6+ Kg7 39. Rf1 Qg8 40. Qd6 Qb8 41. Qe6 Qg8 42. Qd6 Qb8 43. Qe6 Qg8 1/2-1/2

[Event "UZB-ch"]
[Site "Tashkent"]
[Date "2012.05.26"]
[Round "10"]
[White "Kasyan, Aleksandr"]
[Black "Kholmirzaev, Bakhodir"]
[Result "0-1"]
[WhiteElo "2353"]
[BlackElo "2315"]
[PlyCount "135"]
[EventDate "2012.05.17"]
[EventType "tourn"]
[EventRounds "11"]
[EventCountry "UZB"]
[EventCategory "5"]
[SourceTitle "CBM 148 Extra"]
[Source "ChessBase"]
[SourceDate "2012.06.22"]
[SourceVersion "1"]
[SourceVersionDate "2012.06.22"]
[SourceQuality "1"]

1. d4 Nf6 2. c4 Nc6 3. Nf3 e6 4. g3 Bb4+ 5. Bd2 Qe7 6. Bg2 0-0 7. 0-0 Bxd2 8. Nbxd2 d6 9. e4 e5 10. d5 Nb8 11. Ne1 a5 12. Nd3 Na6 13. f4 exf4 14. gxf4 Ng4 15. Qe2 Nc5 16. h3 Nxd3 17. Qxd3 Nh6 18. Qg3 Qf6 19. e5 Qg6 20. Qc3 Nf5 21. Kh2 Ra6 22. Be4 Qh6 23. Rf2 a4 24. Rg1 dxe5 25. Bxf5 Bxf5 26. fxe5 Rg6 27. Rg3 Rxg3 28. Qxg3 Qh5 29. Qf3 Qxf3 30. Rxf3 g6 31. Kg3 c6 32. d6 Re8 33. Kf4 f6 34. Re3 b6 35. h4 Kf7 36. Nf3 Bd7 37. b3 h6 38. exf6 Rxe3 39. Kxe3 Kxf6 40. bxa4 c5 41. a5 bxa5 42. Nd2 Ke6 43. Ne4 Bc6 44. Nxc5+ Kxd6 45. Nd3 g5 46. hxg5 hxg5 47. a3 a4 48. Kd4 g4 49. Nf4 g3 50. c5+ Kc7 51. Ke5 Bd7 52. Kd5 Bg4 53. Kc4 Kc6 54. Kd4 Kb5 55. Ng2 Bf3 56. Nf4 Bc6 57. Ne2 g2 58. Nc3+ Ka5 59. Ne2 Bb7 60. Ke3 Kb5 61. Kd4 Kc6 62. Ng1 Kd7 63. Ke5 Bc6 64. Ne2 Bb5 65. Ng1 Kc6 66. Kd4 Ba6 67. Nf3 Be2 68. Ng1 0-1

[Event "UZB-ch"]
[Site "Tashkent"]
[Date "2012.05.25"]
[Round "9"]
[White "Kholmirzaev, Bakhodir"]
[Black "Faizulaev, Akmal"]
[Result "0-1"]
[WhiteElo "2315"]
[BlackElo "2289"]
[PlyCount "80"]
[EventDate "2012.05.17"]
[EventType "tourn"]
[EventRounds "11"]
[EventCountry "UZB"]
[EventCategory "5"]
[SourceTitle "CBM 148 Extra"]
[Source "ChessBase"]
[SourceDate "2012.06.22"]
[SourceVersion "1"]
[SourceVersionDate "2012.06.22"]
[SourceQuality "1"]

1. c4 Nf6 2. Nf3 g6 3. Nc3 Bg7 4. g3 0-0 5. Bg2 d6 6. 0-0 Nc6 7. Rb1 a5 8. a3 e5 9. b4 axb4 10. axb4 h6 11. d3 Be6 12. b5 Ne7 13. Bb2 Qd7 14. Re1 Bh3 15. Bh1 Ng4 16. d4 Qf5 17. e4 Qh5 18. dxe5 dxe5 19. Nd5 Nxd5 20. exd5 Ra2 21. Nd2 f5 22. d6 cxd6 23. Bd5+ Kh7 24. f3 Nxh2 25. Re2 Rxb2 26. Rxh2 e4 27. Rxb2 Bxb2 28. Nf1 Ba3 29. Bxb7 Bc5+ 30. Kh1 Rf7 31. Bd5 Ra7 32. g4 fxg4 33. Bxe4 Qe5 34. Nd2 Ra1 35. Nb1 Qg3 36. Rb2 gxf3 37. Bxf3 Rxb1 38. Qxb1 Qxf3+ 39. Kh2 Bf5 40. Qe1 Qh3# 0-1

[Event "UZB-ch"]
[Site "Tashkent"]
[Date "2012.05.24"]
[Round "8"]
[White "Barsov, Alexei"]
[Black "Kholmirzaev, Bakhodir"]
[Result "1/2-1/2"]
[WhiteElo "2538"]
[BlackElo "2315"]
[PlyCount "132"]
[EventDate "2012.05.17"]
[EventType "tourn"]
[EventRounds "11"]
[EventCountry "UZB"]
[EventCategory "5"]
[SourceTitle "CBM 148 Extra"]
[Source "ChessBase"]
[SourceDate "2012.06.22"]
[SourceVersion "1"]
[SourceVersionDate "2012.06.22"]
[SourceQuality "1"]

1. d4 d5 2. c4 Nc6 3. Nc3 dxc4 4. Nf3 Nf6 5. e3 e5 6. Bxc4 exd4 7. exd4 Bd6 8. 0-0 0-0 9. h3 h6 10. Re1 Bf5 11. d5 Ne7 12. Nd4 Bd7 13. Be3 a6 14. a4 Rb8 15. a5 Re8 16. Qb3 Ng6 17. Nf3 Qc8 18. Bf1 Ne5 19. Nd2 Bf5 20. Ba7 Ra8 21. Bd4 Bg6 22. Re3 Ned7 23. Rxe8+ Nxe8 24. Nc4 Bc5 25. Bxc5 Nxc5 26. Qb4 Nd3 27. Bxd3 Bxd3 28. Ne5 Bf5 29. g4 Bh7 30. Re1 Nd6 31. Nc4 Nxc4 32. Qxc4 Qd7 33. Qb4 Rb8 34. Qe7 Qc8 35. Re3 Bg6 36. f4 f6 37. Qe6+ Bf7 38. Qxc8+ Rxc8 39. Kf2 Kf8 40. Rd3 Rd8 41. Ke3 Rd6 42. Rd4 Ke7 43. Ke4 Be8 44. Rc4 c6 45. Rb4 cxd5+ 46. Nxd5+ Kf8 47. Nc3 Bc6+ 48. Ke3 Re6+ 49. Kf2 g5 50. Rd4 Kf7 51. b4 Re8 52. Ne2 Re4 53. Rxe4 Bxe4 54. Ng3 Bc6 55. Nf5 gxf4 56. Nxh6+ Kg6 57. Nf5 Kg5 58. Nd4 Bd5 59. Nf3+ Kg6 60. Nh4+ Kg5 61. Nf3+ Kg6 62. h4 Be6 63. Nh2 Bd5 64. Nf3 Be6 65. Nh2 Bd5 66. Nf3 Be6 1/2-1/2